U.S. State Shapes Multiple Choice - Statistics

General Stats
  • This quiz has been taken 52,193 times
  • The average score is 12 of 15
Answer Stats
Question Answer % Correct
California
98%
Texas
98%
Alaska
97%
Georgia
88%
Washington
84%
Massachusetts
84%
Minnesota
81%
Colorado
80%
Arizona
79%
Illinois
74%
Iowa
71%
Virginia
71%
Vermont
68%
Missouri
65%
South Dakota
40%
No matching quizzes found
Score Distribution
Percent of People with Each Score
Percentile by Number Answered
Your Score History
You have not taken this quiz